000
00307nam a2200109 4500
999
_c
9862
_d
9862
008
180720b ||||| |||| 00| 0 eng d
245
_a
Hostage-taking haunts old Davao jail.
260
_a
Philippines
_b
Philippine Daily Inquirer
_c
c2016
300
_a
page A18.
650
0
_9
29176
_a
Terrorism.
942
_2
ddc
_c
PER